Rappeurs américains par album - Quiz - Statistiques

Statistiques générales
  • Ce quiz a été pris 91 fois
  • Le résultat moyen est 16 sur 20
Statistiques - réponses
Par images Réponse % Correct
Drake
98%
Tupac Shakur
98%
Dr. Dre
96%
Travis Scott
96%
Kendrick Lamar
94%
A$AP Rocky
92%
Jay-Z
89%
The Notorious B.I.G
89%
Nas
86%
Tyler, The Creator
86%
Eminem
83%
Kanye West
82%
Snoop Dogg
81%
Frank Ocean
76%
Playboi Carti
71%
Future
69%
MF Doom
68%
Trippie Redd
61%
Kid Cudi
55%
Baby Keem
45%
Aucun quiz correspondant
Distribution des résultats
% des personnes avec chaque résultat
Percentile par nombre de réponses
Votre historique - résultats
Vous n’avez pas pris ce quiz